[Event "FIDE Online-ch U10 Girls 2020"]
[Site "Online"]
[Date "2020.12.19"]
[Round "3.3"]
[White "Kaliakhmet, Elnaz"]
[Black "Preobrazhenskaya, Diana"]
[Result "1-0"]
[WhiteElo "1426"]
[BlackElo "1629"]
[Annotator "NA RC"]
[PlyCount "99"]
[EventDate "2020.12.18"]
[EventType "k.o."]
[EventCountry "NET"]
[SourceTitle "playchess.com"]
[Source "ChessBase"]
[SourceQuality "1"]

1. d4 {[%emt 0:10:13]} Nf6 {[%emt 0:11:12]} 2. c4 {[%emt 0:00:12]} c5 {[%emt 0:00:11]} 3. e3 {[%emt 0:00:13]} d5 {[%emt 0:00:18]} 4. Nc3 {[%emt 0:00:13]} e6 {[%emt 0:00:18]} 5. Nf3 {[%emt 0:00:13]} Nc6 {[%emt 0:00:13]} 6. a3 {[%emt 0:00:13]} a5 {[%emt 0:00:17]} 7. dxc5 {[%emt 0:00:33]} Bxc5 {[%emt 0:00:13]} 8. cxd5 {[%emt 0:00:12]} exd5 {[%emt 0:00:11]} 9. Bb5 {[%emt 0:00:15]} O-O {[%emt 0:00:13]} 10. O-O {[%emt 0:00:12]} Bg4 {[%emt 0:00:12]} 11. h3 {[%emt 0:00:33]} Bh5 {[%emt 0:00:21]} 12. Be2 {[%emt 0:00:12]} Bg6 {[%emt 0:00:16]} 13. b3 {[%emt 0:00:17]} Re8 {[%emt 0:00:18]} 14. Bb2 {[%emt 0:00:13]} Qd7 {[%emt 0:00:16]} 15. Qd2 {[%emt 0:00:14]} Rad8 {[%emt 0:00:13]} 16. Rfd1 {[%emt 0:00:14]} Qc8 {[%emt 0:00:17]} 17. Nb5 {[%emt 0:00:15]} Ne4 {[%emt 0:00:16]} 18. Qe1 {[%emt 0:00:15]} h6 {[%emt 0:00:16]} 19. Nbd4 {[%emt 0:00:14]} Nxd4 {[%emt 0:00:17]} 20. Nxd4 {[%emt 0:00:14]} Qb8 {[%emt 0:00:18]} 21. Rac1 {[%emt 0:00:19]} Bb6 {[%emt 0:00:18]} 22. Bf3 {[%emt 0:00:18]} Nc5 {[%emt 0:00:17]} 23. Qc3 {[%emt 0:00:17]} Ne4 {[%emt 0:00:21]} 24. Bxe4 {[%emt 0:00:12]} Re5 {[%emt 0:00:55]} 25. Bxg6 {[%emt 0:00:13]} fxg6 {[%emt 0:00:13]} 26. Nf3 {[%emt 0:00:13]} d4 {[%emt 0:00:13]} 27. exd4 {[%emt 0:00:12]} Red5 {[%emt 0:00:12]} 28. Qc4 {[%emt 0:00:14]} Qd6 {[%emt 0:00:12]} 29. Ne5 {[%emt 0:00:13]} Kh7 {[%emt 0:00:18]} 30. Nf3 {[%emt 0:00:14]} Rd7 {[%emt 0:00:13]} 31. b4 {[%emt 0:00:18]} axb4 {[%emt 0:00:12]} 32. Qxb4 {[%emt 0:00:12]} Qf6 {[%emt 0:00:16]} 33. a4 {[%emt 0:00:18]} Bc7 {[%emt 0:00:11]} 34. Qb3 {[%emt 0:00:20]} Bf4 {[%emt 0:00:12]} 35. Rc5 {[%emt 0:00:12]} Rxc5 {[%emt 0:00:11]} 36. dxc5 {[%emt 0:00:12]} Rxd1+ {[%emt 0:00:12]} 37. Qxd1 {[%emt 0:00:14]} Qxb2 {[%emt 0:00:11]} 38. g3 {[%emt 0:00:22]} Bc7 {[%emt 0:00:13]} 39. Kg2 {[%emt 0:00:23]} Ba5 {[%emt 0:00:11]} 40. Qd6 {[%emt 0:00:15]} Bc3 {[%emt 0:00:13]} 41. c6 {[%emt 0:00:16]} bxc6 {[%emt 0:00:12]} 42. Qxc6 {[%emt 0:00:11]} Qb3 {[%emt 0:00:11]} 43. Nh4 {[%emt 0:00:17]} Bf6 {[%emt 0:00:11]} 44. a5 {[%emt 0:00:14]} Bxh4 {[%emt 0:00:13]} 45. gxh4 {[%emt 0:00:11]} Qa3 {[%emt 0:00:12]} 46. a6 {[%emt 0:00:13]} Qa5 {[%emt 0:00:11]} 47. Qb7 {[%emt 0:00:16]} Qd8 {[%emt 0:00:12]} 48. a7 {[%emt 0:00:14]} g5 {[%emt 0:00:12]} 49. a8=Q {[%emt 0:00:14]} Qd4 {[%emt 0:00:16]} 50. Qe4+ {[%emt 0:00:12]} 1-0

[Event "FIDE Online-ch U10 Girls 2020"]
[Site "Online"]
[Date "2020.12.19"]
[Round "4.1"]
[White "Preobrazhenskaya, Diana"]
[Black "Bashirli, Saadat"]
[Result "1-0"]
[WhiteElo "1629"]
[BlackElo "1320"]
[Annotator "NA RC"]
[PlyCount "75"]
[EventDate "2020.12.18"]
[EventType "k.o."]
[EventCountry "NET"]
[SourceTitle "playchess.com"]
[Source "ChessBase"]
[SourceQuality "1"]

1. e4 {[%emt 0:00:07]} c5 {[%emt 0:01:22]} 2. c3 {[%emt 0:00:08]} Nf6 {[%emt 0:00:03]} 3. e5 {[%emt 0:00:01]} Nd5 {[%emt 0:00:03]} 4. d4 {[%emt 0:00:02]} cxd4 {[%emt 0:00:11]} 5. Nf3 {[%emt 0:00:08]} g6 {[%emt 0:00:05]} 6. cxd4 {[%emt 0:00:17]} d6 {[%emt 0:00:15]} 7. Bc4 {[%emt 0:00:36]} Nb6 {[%emt 0:00:09]} 8. Bb3 {[%emt 0:00:51]} Bg7 {[%emt 0:00:06]} 9. Qe2 {[%emt 0:00:53]} O-O {[%emt 0:00:29]} 10. O-O {[%emt 0:00:18]} Nc6 {[%emt 0:00:07]} 11. Bf4 {[%emt 0:03:11]} Bg4 {[%emt 0:00:14]} 12. Rd1 {[%emt 0:00:43]} Qd7 {[%emt 0:00:50]} 13. h3 {[%emt 0:00:41]} Bf5 {[%emt 0:01:29]} 14. Nc3 {[%emt 0:00:59]} dxe5 {[%emt 0:01:00]} 15. dxe5 {[%emt 0:00:39]} Qc8 {[%emt 0:00:24]} 16. Rac1 {[%emt 0:00:44]} Be6 {[%emt 0:01:00]} 17. Nd5 {[%emt 0:02:12]} Nxd5 {[%emt 0:00:58]} 18. Bxd5 {[%emt 0:00:03]} Bxd5 {[%emt 0:00:04]} 19. Rxd5 {[%emt 0:00:03]} Qe6 {[%emt 0:00:27]} 20. Rcd1 {[%emt 0:00:32]} f6 {[%emt 0:00:29]} 21. Qc4 {[%emt 0:01:32]} Kh8 {[%emt 0:02:45]} 22. exf6 {[%emt 0:00:55]} Bxf6 {[%emt 0:02:26]} 23. Qb5 {[%emt 0:01:33]} Qc8 {[%emt 0:01:04]} 24. Rd7 {[%emt 0:00:50]} Rd8 {[%emt 0:01:14]} 25. Rxd8+ {[%emt 0:00:10]} Nxd8 {[%emt 0:00:04]} 26. Qe8+ {[%emt 0:00:12]} Kg7 {[%emt 0:00:06]} 27. Bh6+ {[%emt 0:00:35]} Kxh6 {[%emt 0:00:38]} 28. Qf8+ {[%emt 0:00:04]} Kh5 {[%emt 0:00:36]} 29. g4+ {[%emt 0:00:07]} Qxg4+ {[%emt 0:00:06]} 30. hxg4+ {[%emt 0:00:02]} Kxg4 {[%emt 0:00:02]} 31. Nh2+ {[%emt 0:00:08]} Kf5 {[%emt 0:00:25]} 32. Rxd8 {[%emt 0:00:11]} Rxd8 {[%emt 0:00:02]} 33. Qxd8 {[%emt 0:00:02]} e5 {[%emt 0:00:02]} 34. Qd7+ {[%emt 0:00:03]} Kg5 {[%emt 0:00:04]} 35. Qxh7 {[%emt 0:00:12]} e4 {[%emt 0:00:05]} 36. Qh3 {[%emt 0:00:16]} Be5 {[%emt 0:00:04]} 37. Qg4+ {[%emt 0:00:06]} Kf6 {[%emt 0:00:02]} 38. Qxe4 {[%emt 0:00:02]} 1-0

[Event "FIDE Online-ch U10 Girls 2020"]
[Site "Online"]
[Date "2020.12.19"]
[Round "4.1"]
[White "Kaliakhmet, Elnaz"]
[Black "Vidyarthi, Omya"]
[Result "0-1"]
[WhiteElo "1426"]
[BlackElo "1709"]
[Annotator "NA RC"]
[PlyCount "112"]
[EventDate "2020.12.18"]
[EventType "k.o."]
[EventCountry "NET"]
[SourceTitle "playchess.com"]
[Source "ChessBase"]
[SourceQuality "1"]

1. d4 {[%emt 0:00:00]} d5 {[%emt 0:00:05]} 2. c4 {[%emt 0:00:05]} c6 {[%emt 0:00:02]} 3. cxd5 {[%emt 0:00:03]} cxd5 {[%emt 0:00:03]} 4. Bf4 {[%emt 0:00:05]} Nc6 {[%emt 0:00:06]} 5. Nc3 {[%emt 0:00:08]} e6 {[%emt 0:00:14]} 6. e3 {[%emt 0:00:07]} a6 {[%emt 0:00:05]} 7. Bd3 {[%emt 0:00:10]} Bd6 {[%emt 0:00:05]} 8. Bxd6 {[%emt 0:00:05]} Qxd6 {[%emt 0:00:02]} 9. f4 {[%emt 0:00:03]} Nge7 {[%emt 0:00:29]} 10. Nf3 {[%emt 0:00:10]} f6 {[%emt 0:00:23]} 11. O-O {[%emt 0:00:22]} O-O {[%emt 0:00:14]} 12. Rc1 {[%emt 0:00:33]} e5 {[%emt 0:00:29]} 13. fxe5 {[%emt 0:00:08]} fxe5 {[%emt 0:00:03]} 14. dxe5 {[%emt 0:00:59]} Nxe5 {[%emt 0:00:06]} 15. Nxe5 {[%emt 0:00:02]} Rxf1+ {[%emt 0:00:17]} 16. Qxf1 {[%emt 0:00:14]} Qxe5 {[%emt 0:00:02]} 17. Qf2 {[%emt 0:00:57]} Be6 {[%emt 0:00:34]} 18. Rf1 {[%emt 0:01:27]} g6 {[%emt 0:01:23]} 19. Kh1 {[%emt 0:03:23]} Qg7 {[%emt 0:01:53]} 20. e4 {[%emt 0:01:37]} Rf8 {[%emt 0:01:10]} 21. Qe2 {[%emt 0:00:40]} Rxf1+ {[%emt 0:00:25]} 22. Qxf1 {[%emt 0:00:03]} Qf7 {[%emt 0:00:57]} 23. Qg1 {[%emt 0:00:54]} dxe4 {[%emt 0:00:48]} 24. Nxe4 {[%emt 0:00:08]} Qf4 {[%emt 0:00:59]} 25. Qc5 {[%emt 0:00:48]} Bf5 {[%emt 0:02:01]} 26. Qc4+ {[%emt 0:01:37]} Kf8 {[%emt 0:00:21]} 27. h3 {[%emt 0:00:51]} b5 {[%emt 0:00:48]} 28. Qd4 {[%emt 0:00:24]} Qc1+ {[%emt 0:00:47]} 29. Kh2 {[%emt 0:00:06]} Qc7+ {[%emt 0:00:39]} 30. g3 {[%emt 0:00:14]} Ng8 {[%emt 0:00:25]} 31. Qb4+ {[%emt 0:00:19]} Qe7 {[%emt 0:00:10]} 32. Qd4 {[%emt 0:00:15]} Qc7 {[%emt 0:00:25]} 33. Ng5 {[%emt 0:00:23]} Qe7 {[%emt 0:00:25]} 34. Bxf5 {[%emt 0:01:03]} gxf5 {[%emt 0:00:58]} 35. Qd2 {[%emt 0:00:17]} Nf6 {[%emt 0:00:11]} 36. Nf3 {[%emt 0:00:34]} Ke8 {[%emt 0:00:43]} 37. Nd4 {[%emt 0:00:31]} Qe5 {[%emt 0:00:16]} 38. Nf3 {[%emt 0:00:13]} Qe7 {[%emt 0:00:27]} 39. b3 {[%emt 0:00:12]} Qe6 {[%emt 0:00:35]} 40. Nd4 {[%emt 0:00:27]} Qe5 {[%emt 0:00:12]} 41. Nc6 {[%emt 0:00:12]} Qc7 {[%emt 0:00:16]} 42. Nb4 {[%emt 0:00:23]} a5 {[%emt 0:00:11]} 43. Nd3 {[%emt 0:00:17]} Ne4 {[%emt 0:00:18]} 44. Qg2 {[%emt 0:00:20]} h5 {[%emt 0:00:12]} 45. Nf4 {[%emt 0:00:02]} h4 {[%emt 0:00:09]} 46. Nd5 {[%emt 0:00:22]} hxg3+ {[%emt 0:00:06]} 47. Kh1 {[%emt 0:00:06]} Qc1+ {[%emt 0:00:03]} 48. Qg1 {[%emt 0:00:05]} Qc6 {[%emt 0:00:31]} 49. Qd4 {[%emt 0:00:14]} Qc1+ {[%emt 0:00:27]} 50. Kg2 {[%emt 0:00:03]} Qc2+ {[%emt 0:00:03]} 51. Kf1 {[%emt 0:00:22]} Qb1+ {[%emt 0:00:14]} 52. Kg2 {[%emt 0:00:04]} Qxa2+ {[%emt 0:00:05]} 53. Kf1 {[%emt 0:00:05]} Qb1+ {[%emt 0:00:08]} 54. Kg2 {[%emt 0:00:03]} Qc2+ {[%emt 0:00:06]} 55. Kf1 {[%emt 0:00:05]} Nd2+ {[%emt 0:00:06]} 56. Ke2 {[%emt 0:00:41]} Nxb3+ {[%emt 0:00:05]} 0-1

[Event "FIDE Online-ch U10 Girls 2020"]
[Site "Online"]
[Date "2020.12.19"]
[Round "4.2"]
[White "Vidyarthi, Omya"]
[Black "Kaliakhmet, Elnaz"]
[Result "1-0"]
[WhiteElo "1709"]
[BlackElo "1426"]
[Annotator "NA RC"]
[PlyCount "127"]
[EventDate "2020.12.18"]
[EventType "k.o."]
[EventCountry "NET"]
[SourceTitle "playchess.com"]
[Source "ChessBase"]
[SourceQuality "1"]

1. d4 {[%emt 0:00:00]} Nf6 {[%emt 0:00:03]} 2. Bg5 {[%emt 0:00:03]} d5 {[%emt 0:00:04]} 3. Bxf6 {[%emt 0:00:05]} gxf6 {[%emt 0:00:02]} 4. e3 {[%emt 0:00:04]} c5 {[%emt 0:00:07]} 5. Nf3 {[%emt 0:00:05]} Nc6 {[%emt 0:00:12]} 6. c3 {[%emt 0:00:28]} e6 {[%emt 0:01:24]} 7. Nbd2 {[%emt 0:00:12]} f5 {[%emt 0:00:10]} 8. Bb5 {[%emt 0:00:09]} Bd7 {[%emt 0:00:18]} 9. Bxc6 {[%emt 0:00:19]} Bxc6 {[%emt 0:00:03]} 10. Ne5 {[%emt 0:00:03]} cxd4 {[%emt 0:00:48]} 11. exd4 {[%emt 0:00:05]} Bg7 {[%emt 0:00:42]} 12. Ndf3 {[%emt 0:00:18]} O-O {[%emt 0:00:21]} 13. h4 {[%emt 0:00:13]} f6 {[%emt 0:00:55]} 14. Nxc6 {[%emt 0:00:09]} bxc6 {[%emt 0:00:04]} 15. Nd2 {[%emt 0:00:51]} e5 {[%emt 0:00:17]} 16. Nb3 {[%emt 0:00:10]} Re8 {[%emt 0:00:17]} 17. Kf1 {[%emt 0:00:06]} e4 {[%emt 0:00:12]} 18. Nc5 {[%emt 0:00:32]} Qd6 {[%emt 0:00:44]} 19. Qd2 {[%emt 0:00:34]} f4 {[%emt 0:00:21]} 20. Re1 {[%emt 0:00:27]} e3 {[%emt 0:01:36]} 21. fxe3 {[%emt 0:00:15]} fxe3 {[%emt 0:00:11]} 22. Qe2 {[%emt 0:00:09]} f5 {[%emt 0:00:44]} 23. Qf3 {[%emt 0:00:14]} f4 {[%emt 0:00:48]} 24. h5 {[%emt 0:00:48]} Bh6 {[%emt 0:03:15]} 25. Nd3 {[%emt 0:00:21]} Qf6 {[%emt 0:00:53]} 26. Ke2 {[%emt 0:00:26]} Bg5 {[%emt 0:02:15]} 27. g3 {[%emt 0:00:24]} fxg3 {[%emt 0:00:44]} 28. Qxg3 {[%emt 0:00:18]} h6 {[%emt 0:00:13]} 29. Ref1 {[%emt 0:00:11]} Qg7 {[%emt 0:00:44]} 30. Ne5 {[%emt 0:00:21]} Rf8 {[%emt 0:00:56]} 31. Qg4 {[%emt 0:00:26]} Kh7 {[%emt 0:00:15]} 32. Qe6 {[%emt 0:00:22]} c5 {[%emt 0:00:26]} 33. Nd7 {[%emt 0:00:42]} Rfe8 {[%emt 0:00:07]} 34. Qxd5 {[%emt 0:00:09]} Re7 {[%emt 0:00:18]} 35. Qxa8 {[%emt 0:00:24]} Rxd7 {[%emt 0:00:01]} 36. Qe4+ {[%emt 0:00:02]} Kh8 {[%emt 0:00:17]} 37. Qe8+ {[%emt 0:00:36]} Kh7 {[%emt 0:00:01]} 38. Qg6+ {[%emt 0:00:03]} Qxg6 {[%emt 0:00:02]} 39. hxg6+ {[%emt 0:00:01]} Kxg6 {[%emt 0:00:03]} 40. Rd1 {[%emt 0:00:17]} cxd4 {[%emt 0:00:05]} 41. Rxd4 {[%emt 0:00:08]} Rf7 {[%emt 0:00:12]} 42. Rd6+ {[%emt 0:00:13]} Kg7 {[%emt 0:00:07]} 43. Rf1 {[%emt 0:00:04]} Rb7 {[%emt 0:00:06]} 44. b3 {[%emt 0:00:02]} a5 {[%emt 0:00:10]} 45. Ra6 {[%emt 0:00:10]} Rc7 {[%emt 0:00:12]} 46. c4 {[%emt 0:00:19]} Rc5 {[%emt 0:00:03]} 47. Rd1 {[%emt 0:00:08]} Rc7 {[%emt 0:00:43]} 48. Rxa5 {[%emt 0:00:07]} Rf7 {[%emt 0:00:03]} 49. Rf1 {[%emt 0:00:08]} Rd7 {[%emt 0:00:03]} 50. Rd5 {[%emt 0:00:02]} Ra7 {[%emt 0:00:04]} 51. a4 {[%emt 0:00:31]} Rb7 {[%emt 0:00:02]} 52. Rd3 {[%emt 0:00:03]} h5 {[%emt 0:00:10]} 53. Rf5 {[%emt 0:00:08]} Kg6 {[%emt 0:00:13]} 54. Rdd5 {[%emt 0:00:03]} Bh6 {[%emt 0:00:05]} 55. Rb5 {[%emt 0:00:19]} Rd7 {[%emt 0:00:08]} 56. Rfd5 {[%emt 0:00:02]} Rf7 {[%emt 0:00:04]} 57. Rb6+ {[%emt 0:00:03]} Kg7 {[%emt 0:00:05]} 58. Rxh5 {[%emt 0:00:04]} Rf2+ {[%emt 0:00:03]} 59. Ke1 {[%emt 0:00:02]} Bf4 {[%emt 0:00:10]} 60. Rf5 {[%emt 0:00:05]} Rf3 {[%emt 0:00:15]} 61. Rbf6 {[%emt 0:00:23]} Bg3+ {[%emt 0:00:40]} 62. Ke2 {[%emt 0:00:04]} Rf2+ {[%emt 0:00:15]} 63. Rxf2 {[%emt 0:00:02]} exf2 {[%emt 0:00:03]} 64. Rxf2 {[%emt 0:00:04]} 1-0

[Event "FIDE Online-ch U10 Girls 2020"]
[Site "Online"]
[Date "2020.12.19"]
[Round "4.2"]
[White "Bashirli, Saadat"]
[Black "Preobrazhenskaya, Diana"]
[Result "0-1"]
[WhiteElo "1320"]
[BlackElo "1629"]
[Annotator "NA RC"]
[PlyCount "86"]
[EventDate "2020.12.18"]
[EventType "k.o."]
[EventCountry "NET"]
[SourceTitle "playchess.com"]
[Source "ChessBase"]
[SourceQuality "1"]

1. d4 {[%emt 0:00:00]} Nf6 {[%emt 0:00:04]} 2. Bg5 {[%emt 0:00:05]} Ne4 {[%emt 0:00:05]} 3. Bf4 {[%emt 0:00:02]} c5 {[%emt 0:00:05]} 4. f3 {[%emt 0:00:02]} Qa5+ {[%emt 0:00:09]} 5. c3 {[%emt 0:00:04]} Nf6 {[%emt 0:00:04]} 6. d5 {[%emt 0:00:02]} Qb6 {[%emt 0:00:53]} 7. Bc1 {[%emt 0:00:04]} e6 {[%emt 0:01:07]} 8. e4 {[%emt 0:00:09]} exd5 {[%emt 0:00:33]} 9. exd5 {[%emt 0:00:02]} d6 {[%emt 0:00:48]} 10. c4 {[%emt 0:00:11]} Be7 {[%emt 0:00:29]} 11. Bd3 {[%emt 0:00:26]} O-O {[%emt 0:00:27]} 12. Ne2 {[%emt 0:00:06]} Nbd7 {[%emt 0:00:16]} 13. Na3 {[%emt 0:01:31]} Ne5 {[%emt 0:00:22]} 14. Bc2 {[%emt 0:00:17]} Ng6 {[%emt 0:02:50]} 15. O-O {[%emt 0:00:09]} Bd7 {[%emt 0:00:18]} 16. Rb1 {[%emt 0:00:21]} Rfe8 {[%emt 0:00:32]} 17. Nf4 {[%emt 0:00:33]} Ne5 {[%emt 0:00:53]} 18. Kh1 {[%emt 0:01:04]} Qc7 {[%emt 0:00:33]} 19. Bd2 {[%emt 0:00:27]} Qc8 {[%emt 0:00:54]} 20. Bc3 {[%emt 0:00:18]} Ng6 {[%emt 0:00:34]} 21. Ne2 {[%emt 0:00:16]} Bf5 {[%emt 0:00:14]} 22. Ng3 {[%emt 0:00:50]} Bd7 {[%emt 0:01:36]} 23. Qd2 {[%emt 0:01:15]} a6 {[%emt 0:00:46]} 24. b4 {[%emt 0:00:55]} b5 {[%emt 0:02:04]} 25. bxc5 {[%emt 0:01:45]} Qxc5 {[%emt 0:00:51]} 26. Bb4 {[%emt 0:00:38]} Qc7 {[%emt 0:00:34]} 27. cxb5 {[%emt 0:02:18]} axb5 {[%emt 0:00:14]} 28. Rfc1 {[%emt 0:00:41]} Qb7 {[%emt 0:00:15]} 29. Be4 {[%emt 0:00:30]} Nxe4 {[%emt 0:00:42]} 30. Nxe4 {[%emt 0:00:15]} Bf5 {[%emt 0:00:09]} 31. Rb3 {[%emt 0:00:50]} Qb6 {[%emt 0:00:25]} 32. Rc6 {[%emt 0:00:21]} Qb7 {[%emt 0:00:14]} 33. Nxd6 {[%emt 0:00:23]} Bxd6 {[%emt 0:00:05]} 34. Bxd6 {[%emt 0:00:08]} Ne5 {[%emt 0:00:17]} 35. Bxe5 {[%emt 0:00:24]} Rxe5 {[%emt 0:00:02]} 36. h3 {[%emt 0:00:27]} Qd7 {[%emt 0:00:14]} 37. Rc5 {[%emt 0:00:27]} Rae8 {[%emt 0:00:14]} 38. Nxb5 {[%emt 0:01:12]} Bxh3 {[%emt 0:00:11]} 39. Rc7 {[%emt 0:01:22]} Qf5 {[%emt 0:00:09]} 40. Nd4 {[%emt 0:00:33]} Qh5 {[%emt 0:00:08]} 41. Kg1 {[%emt 0:00:08]} Re1+ {[%emt 0:00:04]} 42. Kf2 {[%emt 0:00:02]} Qh4+ {[%emt 0:00:03]} 43. g3 {[%emt 0:00:05]} Rf1# {[%emt 0:00:03]} 0-1